Έρευνα για τη χρήση των εφαρμογών κινούμενης εικόνας στα μουσεία των μεσογειακών χωρών : πτυχιακή εργασία
Αποθηκεύτηκε σε:
| Κύριος συγγραφέας: | |
|---|---|
| Συγγραφή απο Οργανισμό/Αρχή: | |
| Άλλοι συγγραφείς: | |
| Μορφή: | Thesis Βιβλίο |
| Γλώσσα: | Greek |
| Δημοσίευση: |
2008.
|
| Θέματα: | |
| Διαθέσιμο Online: | http://hdl.handle.net/11610/10643 |
| Ετικέτες: |
Προσθήκη ετικέτας
Δεν υπάρχουν, Καταχωρήστε ετικέτα πρώτοι!
|
MARC
| LEADER | 00000cam a2200000 i 4500 | ||
|---|---|---|---|
| 001 | 1/1917 | ||
| 008 | 091008s2008 gr | ||| |||| ||gre|| | ||
| 035 | |l 10105784 | ||
| 040 | |a GR-MyUa |b gre |e AACR2 | ||
| 041 | 0 | |a gre | |
| 082 | 7 | |a 069.15 |2 (22) | |
| 100 | 1 | |a Πιτσιάβα, Ευγενία-Μαρία. | |
| 245 | 1 | 0 | |a Έρευνα για τη χρήση των εφαρμογών κινούμενης εικόνας στα μουσεία των μεσογειακών χωρών : |b πτυχιακή εργασία / |c της Πιτσιάβα Δ. Ευγενίας- Μαρίας ; με επιβλέποντες διδάσκοντες: Τσεκούρα Γιώργο, Μπούνια Αλεξάνδρα. |
| 260 | |c 2008. | ||
| 300 | |a 117 σ. : |b πιν., εικ., σχ. ; |c 30 εκ. | ||
| 502 | |a Πτυχιακή εργασία – Πανεπιστήμιο Αιγαίου, Λέσβος, 2008. | ||
| 504 | |a Βιβλιογραφία: 129-135. | ||
| 650 | 0 | 0 | |a Museum visitors |x Attitudes. |
| 650 | 0 | 0 | |a Museum attendance |x Evaluation. |
| 650 | 0 | 0 | |a Museums |x Educational aspects. |
| 650 | 0 | 0 | |a Museums |x Technological innovations. |
| 650 | 0 | 0 | |a Museum techniques. |
| 650 | 0 | 0 | |a Dissertations, Academic |z Greece. |
| 700 | 1 | |a Τσεκούρας, Γεώργιος, |e dgs | |
| 700 | 1 | |a Μπούνια, Αλεξάνδρα, |e dgsf | |
| 710 | 2 | |a Πανεπιστήμιο Αιγαίου. |b Σχολή Κοινωνικών Επιστημών. |b Τμήμα Πολιτισμικής Τεχνολογίας και Επικοινωνίας. | |
| 852 | |a INST |b LESVOS |c DIATR |e 20091008 |h 223 |p 005100046331 |q 005100046331 |t DIE |y 23 | ||
| 852 | |a INST |b LESVOS |c DIATR |e 20091008 |h 224 |p 005100046332 |q 005100046332 |t DIE |y 23 | ||
| 856 | |u http://hdl.handle.net/11610/10643 | ||
| 901 | |a BIBL1-2009-3 | ||
| 924 | |a Πιτσιάβα |b Ευγενία-Μαρία |y Λέσβος |z 2008-02 | ||
| 970 | |a ΤΖΑΦΕΡΗ |b ΕΥΑΓΓΕΛΙΑ |z 2009/10/08 | ||